Logo BPK

Bibliografia Prac Pracowników

Politechniki Koszalińskiej

Spectra of linear fundamental dichroism of syngenite crystals reconstructed from the birefringence dispersion in the range of transparency / (Rekord nr 7672)

Szczegóły MARC
000 -ETYKIETA REKORDU
podpole kontrolne o stałej długości 00746nab a22001817a 4500
003 - IDENTYFIKATOR NUMERU KONTROLNEGO REKORDU
podpole kontrolne BPK
005 - DATA OSTATNIEJ MODYFIKACJI REKORDU
podpole kontrolne 20160722120311.0
008 - POLE O STAŁEJ DŁUGOŚCI - DANE KONTROLNE
podpole kontrolne o stałej długości 160722b2003 ne ||||| |||| 00| ||eng
040 ## - ŹRÓDŁO KATALOGOWANIA
Instytucja, która utworzyła rekord BPK
041 ## - KOD JĘZYKA
Kod języka tekstu eng
044 ## - KOD KRAJU WYDAWCY/PRODUCENTA
Kod kraju wydawcy/producenta NLD
100 ## - NAZWA OSOBOWA
Nazwa osobowa ANDRIYEVSKYY, Bohdan.
Lata pracy 2001 - .
Instytucja Politechnika Koszalińska - Wydział Elektroniki,
Wydział Katedra Elektroniki Ciała Stałego
245 ## - TYTUŁ/ODPOWIEDZIALNOŚĆ
Tytuł Spectra of linear fundamental dichroism of syngenite crystals reconstructed from the birefringence dispersion in the range of transparency /
Pozostałe elementy strefy tytułu i oznaczenia odpowiedzialności B. Andriyevsky, M. Romanyuk, R. Brezvin.
260 ## - STREFA ADRESU WYDAWNICZEGO
Data publikacji, dystrybucji/powstania dokumentu 2003.
500 ## - UWAGI OGÓLNE
Tekst uwagi Dane z z listy publikacji prof. B. Andriyevskyy'ego.
773 ## - TYTUŁ DOKUMENTU MACIERZYSTEGO
Wyrażenie wprowadzające W :
Tytuł Optics Communications. -
Informacje dotyczące relacji 2003, Vol. 219/1-6, p. 295-299
942 ## - HASŁO DODATKOWE - ELEMENTY(KOHA)
Typ dokumentu Artykuł
Schemat klasyfikacji Uniwersalna klasyfikacja dziesiętna

Brak dostępnych egzemplarzy.

© 2014 Biblioteka Politechniki Koszalińskiej :: BIBLIOGRAFIA PRAC PRACOWNIKÓW